02660cam a2200529 i 4500001001200000003000600012005001700018008004100035020004800076035002200124035002300146040008600169045001700255046000900272100005300281245038000334260012300714300003900837336002700876337005400903338002800957380001600985380002301001388001001024504010201034610004301136610008301179610010401262648002601366648002601392650003201418650002601450650002901476650004701505650007601552651002301628651002301651651002401674655002701698658003801725658001301763710013401776920005001910942001501960999001701975952013801992xx004964604NUKAT20260430111259.0201007s2020 pl a |001 0dpol c a9788380989566q(oprawa twarda) :czł 45,00 a(OCoLC)1204357031 a(NUKAT)xx004964604 aLUBL KUL/IPbpolerdacLUBL KUL/IPdLUBL KUL/SKsdWR U/MBdWR O/JGdOLSZT 008/bak2 bd1918bd1939 k20201 aSmoliński, Aleksanderd(1964- ).eAutor91212710aZ kart wojskowych tradycji Pomorza i Kujaw :bkawaleria oraz szkolnictwo kawaleryjskie i artyleria konna na terenie Dowództwa Okręgu Korpusu Nr VIII "Toruń" na tle broni konnych Wojska Polskiego oraz armii wybranych państw europejskich z lat 1918-1939 /cAleksander Smoliński ; Instytut Pamięci Narodowej - Komisja Ścigania Zbrodni przeciwko Narodowi Polskiemu. aGdańsk ;aWarszawa :bInstytut Pamięci Narodowej - Komisja Ścigania Zbrodni przeciwko Narodowi Polskiemu,c2020. a494 strony :bilustracje ;c25 cm. aTekstbtxt2rdacontent aBez urządzenia pośredniczącegobn2rdamedia aWoluminbnc2rdacarrier aKsiążki aPublikacje naukowe1 a2001- aBibliografia prac autora na stronach 448-460, pozostała literatura na stronach 460-470. Indeksy.27aWojsko Polskie (1918-1939)2DBN93731117aPolska.bWojsko Polskie (1918-1939).bPomorska Brygada Kawalerii.2kaba94099217aPolska.bWojsko Polskie (1918-1939).bOkręg Korpusu nr VIII (Toruń).bDowództwo.2kaba940993 7a1901-20002DBN934996 7a1918-19392DBN936041 7aArtyleria konna2DBN940994 7aKawaleria2DBN937580 7aŻołnierze2DBN935175 7aKawaleriazPolskay1900-1945.2kaba940995 7aKawaleriazPolskazPomorze Gdańskie (region)y1900-1945.2kaba940996 7aKujawy2DBN940997 7aPolska2DBN935076 7aPomorze2DBN936214 7aMonografia2DBN935240 aBezpieczeństwo i wojskowość aHistoria2 aInstytut Pamięci Narodowej - Komisja Ścigania Zbrodni przeciwko Narodowi Polskiemu.eInstytucja sprawczaeWydawca4pbl911792 a978-83-8098-956-6 (oprawa twarda) : zł 45,00 2ddccBK_NM c27895d27895 00102ddc40708K_magaBIPbBIPd2020-11-30eD-36/2020fDg45.00i59984l0o59984pIPWK24088r2026-04-30 11:13:41w2026-04-30yBK_NM